000 01635nam a2200445 c 4500
001 1589
003 ES-MaCES
005 20181029103728.0
008 940627s1991 sp ||| | spa d
017 _aM-21789-1991
_bDL
020 _a8476950764
035 _aCES19980015972m
040 _aES-MaCES
_bspa
_cES-MaCES
245 0 4 _aLas entidades no lucrativas de carácter social y humanitario
_cdirección y coordinación, Rafael de Lorenzo García, Miguel Angel Cabra de Luna, Enrique Giménez-Reyna Rodríguez ; colaboran, Gregorio Peces Barba... [et al.]
260 _aMadrid
_bLa Ley
_cD.L. 1991
300 _a401 p.
_c26 cm
490 1 _aColección Solidaridad / Fundación ONCE
_v1
500 _aDedicatoria y firma manuscrita de Miguel Angel Cabra de Luna
504 _aBibliografía
541 _cGratuito
650 4 _aorganización sin fines de lucro
_927312
650 4 _aorganización voluntaria
_927314
650 4 _aeconomía social
_930379
650 4 _aasistencia social
_929003
650 4 _atributación
_928093
650 4 _afinanciación
_928125
650 4 _arégimen jurídico
_929894
650 4 _aEspaña
_926964
653 1 0 _aAsuntos Sociales
650 4 _928078
_aayuda estatal
650 4 _927056
_aservicios sociales
700 1 _aLorenzo García, Rafael de
_edir.
_917042
700 1 _aCabra de Luna, Miguel Ángel
_edir.
_98616
700 1 _aGiménez Reyna, Enrique
_edir.
_913419
710 2 _aFundación ONCE
_93864
830 0 _aColección Solidaridad / Fundación ONCE
_v1
_932121
902 _aLIB Libro
942 _2CES
_cBK
_h3.3.
999 _c1589
_d1589